000 00890nam a22002177a 4500
003 OSt
005 20260128092914.0
008 210821b ||||| |||| 00| 0 eng d
040 _cOSt
041 _ashan
082 _a294.3092
245 _aၶၢဝ်းတၢင်းႁႃႈသိပ်းပီၸဝ်ႈသြႃႇမိူင်းၵုတ်ႈ
260 _aတႃႈၵုင်ႈ
_bဢေး
_c2012
300 _aix၊ 364 ၼႃႈ
_c22 ၸိၼ်ႇထီႇ
500 _a S-SAT: Dr. Prof Sai Aung Tun
501 _aပႃးၽိုၼ်ဢိင်
650 _aထေရုပ်ႉပတ်ႉတိ (ပပ်ႉတီႈမၢႆတွင်း)
710 _aၸဝ်ႈပၺ်ႇၺႃႇၽေႃးၵ (မိူင်းသူႈ) (---လႄႈတၢင်ႇၵေႃႉ) ၶပ်းၶိုင်-
_965809
942 _cBK
942 _2ddc
999 _c6270
_d6270